| 000 | 00637nam a2200229Ia 4500 | ||
|---|---|---|---|
| 003 | OSt | ||
| 005 | 20221005100602.0 | ||
| 006 | a|||||r|||| 00| 0 | ||
| 007 | ta | ||
| 008 | 221004b |||||||| |||| 00| 0 eng d | ||
| 024 | _a33026 | ||
| 037 | _cTextual | ||
| 040 |
_aCRL _cCRL _beng |
||
| 041 |
_2eng _aeng |
||
| 082 | _aY:4355.41.H3t, G3 | ||
| 245 | 0 |
_aRepublic of China _b Report of the national flood relief commission. 1931-1932 |
|
| 260 |
_aShanghai _bThe Comacrib Press _c1933 |
||
| 300 |
_a304p. _ccm. |
||
| 650 | _aSOCIOLOGY | ||
| 942 |
_hY:4355.41.H3t, G3 _cTEXL _2cc |
||
| 999 |
_c1005437 _d1005437 |
||